01426 a2200265 45000010006000000050017000060080041000230030015000640400040000790800041001192450033001600200022001932640035002153000019002505050700002690410008009691000028009777000020010057000021010257000021010467000023010677000021010907000030011117000019011416062620260407155858.0260407a2001 arg spa dAR-UNSa-BCEJYS aAR-UNSa-BCEJYSbspacAR-UNSa-BCEJYS a316.77:32xComunicación política10aComunicación gubernamental a978-950-12-2713-0 1aBuenos Aires :bPaidósc2001 a217 p.c23 cm. a1. La comunicación gubernamental en perspectiva histórica / Oscar Andrés De Masi - 2. Notas sobre una experiencia de comunicación gubernamental: el Ministerio de Economía argentino, 1991-1996 / Guillermo Gasió y Belén Amadeo (con colaboración de María Jaunarena) – 3. Marketing y comunicación de gobierno / Luis Stuhlman – 4. Libertad de información e información reservada del Estado / Damián Loreti – 5. Comunicación y seguridad / Sergio Crivelli – 6. Secretarios de Prensa en los Estados Unidos y en la Argentina / Mariana Barresi – 7. Los órganos de la administración nacional encargados de la comunicación gubernamental / Carmen Porqueres de Sycz aspa1 aDe Masi, Oscar Andrés1 aAmadeo, Belén1 aBarresi, Mariana1 aCrivelli, Sergio1 aCasió, Guillermo1 aLoreti, Damián1 aPosqueres de Sycz, Carmen1 aStuhlamn, Luis